000 005860000a22001810004500
003 MACL
005 20160319161102.0
008 160319b xxu||||| |||| 00| 0 eng d
040 _aMACL
_cMACL
041 _aHindi
082 _a954
100 _aरामफल सिंह
_947547
245 _aहिन्‍दू मुस्लिम सांस्‍कृतिक एकता का इतिहास
260 _bराज पब्लिशिंग हाउस
_c1987
_aदिल्‍ली
350 _a100
650 _aHistory
_947548
942 _cHIN
_k954
_2ddc
999 _c29247
_d29247